|
|
|
|
| LEADER |
00000nab a2200000 a 4500 |
| 001 |
vtls000652332 |
| 003 |
SK-MaSNL |
| 005 |
20260304024841.0 |
| 008 |
140301c1998 xo 0 slo |
| 015 |
|
|
|a SNBRA1998/02-04047
|
| 035 |
|
|
|a CLN000004526
|
| 040 |
|
|
|a SNKBUCL
|b slo
|c SNKBUCL
|e AACR2
|
| 041 |
0 |
|
|a slo
|
| 044 |
|
|
|a xo
|c SK
|
| 080 |
|
|
|a 725.14(437.6)
|2 1997
|
| 100 |
1 |
|
|a Turčanová, Danica
|4 aut
|9 355926
|
| 245 |
1 |
0 |
|a Slovo autorov
|c Danica Turčanová, Dušan Čupka
|
| 300 |
|
|
|b Obr.
|
| 504 |
|
|
|a Res. angl.
|
| 610 |
1 |
7 |
|a Slovensko.
|b Daňový úrad Žilina.
|b Pobočka Dolný Kubín
|2 snkbucl
|9 231045
|
| 655 |
|
7 |
|a články z novín a časopisov
|2 snkbucl
|9 267496
|
| 700 |
1 |
|
|a Čupka, Dušan,
|d 1948-
|4 aut
|9 253914
|
| 773 |
0 |
|
|t Projekt
|g Roč. 40, č. 1 (1998), s. 35
|x 1335-2180
|
| 850 |
|
|
|a Slovenská národná knižnica v Martine
|
| 852 |
|
|
|a SNK
|b KIS3GCP
|
| 957 |
|
|
|a 503
|
| 958 |
|
|
|a SK
|
| 992 |
|
|
|a RBX
|
| 999 |
|
|
|c 2623921
|d 2625851
|